000 00294nam a22001337a 4500
008 170616b xxu||||| |||| 00| 0 eng d
020 _a9780198060437
041 _aeng
080 _a323
100 _a20
101 _aSHP
245 _aETHNONATIONALISM IN INDIA
_cBARUAH,S
942 _2udc
_cBK
999 _c17912
_d17912